Inovačná výkonnosť Slovenskej republiky a Írska bakalárska práca

Guardado en:
Detalles Bibliográficos
Autor principal: Baran, František
Autor Corporativo: Podnikovohospodárska fakulta EU so sídlom v Košiciach. Katedra ekonómie
Otros Autores: Spišáková, Emília, 1983-
Formato: Libro
Lenguaje:eslovaco
Publicado: Košice 2012
Etiquetas: Agregar Etiqueta
Sin Etiquetas, Sea el primero en etiquetar este registro!

MARC

LEADER 00000nbm a2200000 4500
001 0158578
005 20240827092426.0
041 0 |a slo 
044 |a SK 
245 1 0 |a Inovačná výkonnosť Slovenskej republiky a Írska  |b bakalárska práca  |c František Baran ; školiteľ: Emília Spišáková 
264 1 |a Košice  |c 2012 
300 |a 63 s. 
100 1 |a Baran, František 
700 1 |a Spišáková, Emília, 1983- 
710 2 |a Podnikovohospodárska fakulta EU so sídlom v Košiciach. Katedra ekonómie